000 01274cam a2200373 i 4500
650 0 _aPolitical science
_xResearch
_92904
650 0 _98052
_aPolitical science
999 _c200429494
_d47418
001 200429494
003 TR-AnTOB
005 20220223103816.0
007 ta
008 130625t2014 nyud b 001 0 eng
010 _a 2013022170
020 _a9780415895200 (pbk.)
020 _z9780203801253 (ebk)
035 _a(TR-AnTOB)200429494
040 _aDLC
_beng
_erda
_cDLC
_dDLC
_dTR-AnTOB
041 0 _aeng
050 0 0 _aJA86
_b.B28 2014
090 _aJA86
_b.B28 2014
100 1 _aBarakso, Maryann
_eauthor
_9120595
245 1 0 _aUnderstanding political science research methods :
_bthe challenge of inference /
_cMaryann Barakso, Daniel M. Sabet, Brian F. Schaffner.
264 1 _aNew York :
_bRoutledge/Taylor & Francis Group,
_c2014.
264 4 _c©2014.
300 _axvi, 231 pages :
_bgraphics ;
_c24 cm
336 _atext
_btxt
_2rdacontent
337 _aunmediated
_bn
_2rdamedia
338 _avolume
_bnc
_2rdacarrier
504 _aIncludes bibliographical references and index.
700 1 _aSabet, Daniel M.,
_d1976-
_eauthor
_9120601
700 1 _aSchaffner, Brian F.,
_q(Brian Frederick)
_eauthor
_9120602
942 _2lcc
_cBK